书目信息 |
| 题名: |
学术英语写作与研究方法
|
|
| 作者: | 刘承宇 主编 | |
| 分册: | ||
| 出版信息: | 北京 中国人民大学出版社 2021.07 |
|
| 页数: | 240页 | |
| 开本: | 26cm | |
| 丛书名: | 全人教育英语专业本科教材系列 | |
| 单 册: | ||
| 中图分类: | G321.5 | |
| 科图分类: | ||
| 主题词: | 学术交流--英语--写作--教材 | |
| 电子资源: | ||
| ISBN: | 978-7-300-29688-3 | |
| 000 | 01234nam 2000277 450 | |
| 001 | 28746 | |
| 005 | 20221011084506.59 | |
| 010 | @a978-7-300-29688-3@dCNY45.00 | |
| 100 | @a20210909d2021 em y0chiy50 ea | |
| 101 | 0 | @achi@aeng |
| 102 | @aCN@b110000 | |
| 105 | @ay a 000yy | |
| 200 | 1 | @a学术英语写作与研究方法@Axue shu ying yu xie zuo yu yan jiu fang fa@d= A cademic writing and research methods@f主编刘承宇@zeng |
| 205 | @a第2版 | |
| 210 | @a北京@c中国人民大学出版社@d2021.07 | |
| 215 | @a240页@d26cm | |
| 225 | 2 | @a全人教育英语专业本科教材系列@Aquan ren jiao yu ying yu zhuan ye ben ke jiao cai xi lie |
| 320 | @a有书目 (第233-240页) | |
| 330 | @a本书由《学术英语写作教程》改编而成, 本次修订在保留原有将学术研究视为发现过程、突出“做中学”特色的基础上, 继续强调通过批判性阅读发现研究问题, 通过基于标准的推理提出研究论点 ; 与此同时, 特别强调根据研究问题选择研究方法, 通过与读者互动开展学术对话, 通过同伴互动培养学术写作能力。 | |
| 410 | 0 | @12001 @a全人教育英语专业本科教材系列 |
| 510 | 1 | @aCademic writing and research methods@zeng |
| 606 | 0 | @a学术交流@x英语@x写作@j教材 |
| 690 | @aG321.5@v5 | |
| 701 | 0 | @a刘承宇@Aliu cheng yu@4主编 |
| 801 | 0 | @aCN@c20220910 |
| 905 | @a河南城建学院图书馆@dG321.5@eL590=2@f2 | |
| 学术英语写作与研究方法= A cademic writing and research methods/主编刘承宇.-第2版.-北京:中国人民大学出版社,2021.07 |
| 240页;26cm.-(全人教育英语专业本科教材系列) |
| ISBN 978-7-300-29688-3:CNY45.00 |
| 本书由《学术英语写作教程》改编而成, 本次修订在保留原有将学术研究视为发现过程、突出“做中学”特色的基础上, 继续强调通过批判性阅读发现研究问题, 通过基于标准的推理提出研究论点 ; 与此同时, 特别强调根据研究问题选择研究方法, 通过与读者互动开展学术对话, 通过同伴互动培养学术写作能力。 |
| ● |
| 相关链接 |
|
|
|
正题名:学术英语写作与研究方法
索取号:G321.5/L590=2
 
预约/预借
| 序号 | 登录号 | 条形码 | 馆藏地/架位号 | 状态 | 备注 |
| 1 | 1581866 | 215818667 | 社科库409/409社科库 120排2列4层/ [索取号:G321.5/L590=2] | 在馆 | |
| 2 | 1581867 | 215818676 | 社科库409/409社科库 120排2列4层/ [索取号:G321.5/L590=2] | 在馆 |